Т. 14: Таанах - Фелео; Советская историческая энциклопедия

Bibliographische Detailangaben
Parent link:Советская историческая энциклопедия/ Академия Наук СССР. Отделение исторических наук;Глав. ред. Е. М. Жуков. Т. 14: Таанах - Фелео.— , 1961-1976
Sprache:Russisch
Veröffentlicht: 1973
Schlagworte:
Format: Buch
KOHA link:https://koha.lib.tpu.ru/cgi-bin/koha/opac-detail.pl?biblionumber=61264

MARC

LEADER 00000nam2a2200000 4500
001 61264
005 20241126063149.0
035 |a (RuTPU)RU\TPU\book\64845 
035 |a RU\TPU\book\64844 
090 |a 61264 
100 |a 20040309d1973 ekmy0rusy50 ca 
101 0 |a rus 
102 |a RU 
105 |a ab f 000zy 
200 0 |a Т. 14: Таанах - Фелео 
210 |d 1973 
215 |a 1038 стлб.  |c ил.  |e карты 
461 1 |0 (RuTPU)RU\TPU\book\64797  |t Советская историческая энциклопедия  |f Академия Наук СССР. Отделение исторических наук;Глав. ред. Е. М. Жуков  |v Т. 14: Таанах - Фелео  |d 1961-1976  |s Энциклопедии. Словари. Справочники 
606 |a Всеобщая история  |2 stltpush  |3 (RuTPU)RU\TPU\subj\3762  |9 32128 
606 |a Россия  |x История  |7 ca  |8 rus  |2 stltpush  |3 (RuTPU)RU\TPU\subj\64777  |9 81526 
610 1 |a энциклопедии 
686 |a Т3(0)я2  |2 rubbk 
686 |a Т3(2)я2  |2 rubbk 
801 1 |a RU  |b 63413507  |c 20040309  |g PSBO 
801 2 |a RU  |b 63413507  |c 20230216  |g PSBO 
942 |c BK